<?xml version="1.0" encoding="UTF-8"?><?xml-stylesheet type="text/xsl" href="static/style.xsl"?><OAI-PMH xmlns="http://www.openarchives.org/OAI/2.0/" xmlns:xsi="http://www.w3.org/2001/XMLSchema-instance" xsi:schemaLocation="http://www.openarchives.org/OAI/2.0/ http://www.openarchives.org/OAI/2.0/OAI-PMH.xsd"><responseDate>2026-04-18T03:25:35Z</responseDate><request verb="GetRecord" identifier="oai:www.recercat.cat:2072/447363" metadataPrefix="marc">https://recercat.cat/oai/request</request><GetRecord><record><header><identifier>oai:recercat.cat:2072/447363</identifier><datestamp>2026-03-13T07:29:01Z</datestamp><setSpec>com_2072_98</setSpec><setSpec>col_2072_378192</setSpec></header><metadata><record xmlns="http://www.loc.gov/MARC21/slim" xmlns:dcterms="http://purl.org/dc/terms/" xmlns:xsi="http://www.w3.org/2001/XMLSchema-instance" xmlns:doc="http://www.lyncode.com/xoai" xsi:schemaLocation="http://www.loc.gov/MARC21/slim http://www.loc.gov/standards/marcxml/schema/MARC21slim.xsd">
   <leader>00925njm 22002777a 4500</leader>
   <datafield ind2=" " ind1=" " tag="042">
      <subfield code="a">dc</subfield>
   </datafield>
   <datafield ind2=" " ind1=" " tag="720">
      <subfield code="a">Beltrán Flores, Eduardo</subfield>
      <subfield code="e">author</subfield>
   </datafield>
   <datafield ind2=" " ind1=" " tag="720">
      <subfield code="a">Torán, Josefina</subfield>
      <subfield code="e">author</subfield>
   </datafield>
   <datafield ind2=" " ind1=" " tag="720">
      <subfield code="a">Caminal i Saperas, Glòria</subfield>
      <subfield code="e">author</subfield>
   </datafield>
   <datafield ind2=" " ind1=" " tag="720">
      <subfield code="a">Blánquez Cano, Paqui</subfield>
      <subfield code="e">author</subfield>
   </datafield>
   <datafield ind2=" " ind1=" " tag="720">
      <subfield code="a">Sarrà i Adroguer, Montserrat</subfield>
      <subfield code="e">author</subfield>
   </datafield>
   <datafield ind2=" " ind1=" " tag="260">
      <subfield code="c">2020</subfield>
   </datafield>
   <datafield ind2=" " ind1=" " tag="520">
      <subfield code="a">The presence of pesticides in agricultural wastewater entails harmful risks to both the environment and public health. In this study, two channel-type bioreactors with Trametes versicolor immobilized on pinewood chips were evaluated in terms of the removal efficiency of diuron from agricultural wastewater under non-sterile conditions. First, both single and successive sorption processes of diuron on pinewood chips were evaluated. The Freundlich model showed the best correlation in the sorption isotherm study (R2 = 0.993; Δq = 5.245), but according to repeated sorption experiments, the Langmuir model (R2 = 0.993; Δq = 5.757) was considered more representative. Equilibrium was reached after approximately 48 h, and the Elovich kinetic model gave the best fit with the experimental data. A packed-bed channel bioreactor (PBCB) was found to be a remarkable alternative able to remove up to 94% diuron from agricultural wastewater during 35 d. However, periodic manual mixing was required to guarantee an aerobic process, and a rotating drum bioreactor (RDB) was subsequently proposed as an enhanced version. The RDB removed up to 61% diuron during 16 d using almost 7 times lower wood dose (152 g wood·L-1) than in the PBCB (1000 g wood·L-1).</subfield>
   </datafield>
   <datafield tag="653" ind2=" " ind1=" ">
      <subfield code="a">Bioreactor</subfield>
   </datafield>
   <datafield tag="653" ind2=" " ind1=" ">
      <subfield code="a">Pesticide</subfield>
   </datafield>
   <datafield tag="653" ind2=" " ind1=" ">
      <subfield code="a">Low-cost sorbent</subfield>
   </datafield>
   <datafield tag="653" ind2=" " ind1=" ">
      <subfield code="a">Organic contaminant</subfield>
   </datafield>
   <datafield tag="653" ind2=" " ind1=" ">
      <subfield code="a">Fungal treatment</subfield>
   </datafield>
   <datafield ind2="0" ind1="0" tag="245">
      <subfield code="a">The removal of diuron from agricultural wastewaters by Trametes versicolor immobilized on pinewood in simple channel reactors</subfield>
   </datafield>
</record></metadata></record></GetRecord></OAI-PMH>